| 000 | 00639nam a2200181Ia 4500 | ||
|---|---|---|---|
| 008 | 090630s9999 xx 000 0 und d | ||
| 082 | _b1217 | ||
| 100 | _aरायचौधरी एस. पी. | ||
| 245 |
_aजमीन आणि माती. _cरायचौधरी एस. पी. |
||
| 260 |
_bनॅशनल बुक ट्रस्ट. _c1966 |
||
| 300 | _a172 | ||
| 600 | _aरायचौधरी एस. पी. | ||
| 630 | _aजमीन आणि माती. | ||
| 655 | _aइतर. | ||
| 700 | _aरायचौधरी एस. पी. | ||
| 730 | _aजमीन आणि माती. | ||
| 942 | _cBOOK | ||
| 999 |
_c253073 _d253073 |
||